000 00741nam a22002177a 4500
003 UA-OsUOA
001 128669
007 ta
008 20180125b un ||||| |||| 00| 0 ukr d
100 _aКучерук О.
090 _a81
_bК95
942 _cSA
040 _aUA-OsUOA
_bukr
_cUA-OsUOA
_dUA-OsUOA
245 _aФормування лексичної компетентності учнів у процесі навчання українськоїмови з використанням методу проектів
300 _aС.26-31
955 _a0
041 _aukr
080 _a81
773 0 _w128668
650 7 _a8 Мовознавство. Художня література. Літературознавство
_2UDC
999 _c416275
_d416275